住友RM軍団の秘密 : 情報戦争の仕掛人たち
Enregistré dans:
| Auteur principal: | |
|---|---|
| Format: | Livre |
| Langue: | Undetermined |
| Publié: |
東京
KKベストセラーズ
1985
|
| Sujets: | |
| Tags: |
Ajouter un tag
Pas de tags, Soyez le premier à ajouter un tag!
|
| Thư viện lưu trữ: | Trung tâm Học liệu Trường Đại học Cần Thơ |
|---|
| LEADER | 00604nam a2200217Ia 4500 | ||
|---|---|---|---|
| 001 | CTU_89006 | ||
| 008 | 210402s9999 xx 000 0 und d | ||
| 082 | |a 338.8 | ||
| 082 | |b N115 | ||
| 100 | |a なべた こうすけ | ||
| 245 | 0 | |a 住友RM軍団の秘密 : | |
| 245 | 0 | |b 情報戦争の仕掛人たち | |
| 245 | 0 | |c なべた こうすけ | |
| 260 | |a 東京 | ||
| 260 | |b KKベストセラーズ | ||
| 260 | |c 1985 | ||
| 650 | |a Corporations,Corporations | ||
| 650 | |x Sumitomo | ||
| 650 | |z Japan | ||
| 904 | |i Ngoc | ||
| 980 | |a Trung tâm Học liệu Trường Đại học Cần Thơ | ||